Statistiques concernant Pays de l'Empire hunnique

Cliquez ici pour prendre le quiz!

Statistiques générales

  • Ce quiz a été pris 71 fois
  • Le résultat moyen est 13 sur 15

Statistiques - réponses

Pays Hunniques % Correct
Russie
97%
Hongrie
97%
Allemagne
95%
Roumania
92%
Slovaquie
92%
Pologne
90%
Autriche
89%
Biélorussie
87%
Ukraine
87%
Tchèque Republique
85%
Bulgarie
84%
Serbie
81%
Moldavie
77%
Lituanie
73%
Croatie
69%

Distribution des résultats

Percentile par nombre de réponses

% des personnes avec chaque résultat

Votre développement - résultats

Vous n’avez pas pris ce quiz